000 00530nam a2200169Ia 4500
003 GCL
008 140319s9999 xx 000 0 ara d
040 _aGCL /
_cGCL
082 0 4 _a001.6404
_bم م
100 1 _aمظهر طايل
245 1 0 _aمكونات الميكروكمبيوتر التقنية /
_cمظهر طايل
260 _a[S.N] :
_bدار الراتب الجامعية ،
_c1985
300 _a287
490 _aنظم الميكروكمبيوتر
_v0
650 0 4 _aالميكروكمبيوتر
942 _2ddc
_cBK
999 _c31551
_d31551